000 00779nam a2200217Ii 4500
003 JO-AjNU
008 230605s9999||||xx |||||||||||||| ||und||
017 _a38364
040 _aJO-AjNU
_bara
_erda
_cJO-AjNU
041 _aara
050 1 4 _aBP130.77.Q82 2005
100 3 _aالقضاة، أحمد مصطفى,
_eauthor
_940261
245 0 0 _aالعمل في المراكز القرآنية
250 _aط1
264 3 1 _aعمان:جمعية المحافظة على القرآن الكريم ، 2005
300 _a90ص
336 _atext
_btxt
_2rdacontent
337 _aunmediated
_bn
_2rdamedia
338 _avolume
_bnc
_2rdacarrier
650 4 _aالمراكز الاسلامية-الثقافة الاسلامية-الثقافة العربية الاسلامية
_940262
999 _aA17070
_c20638
_d20638